Aristotle`s poetics: A translation and commentary for students of literature (Record no. 11336)

MARC details
000 -LEADER
fixed length control field 00486nam a2200169Ia 4500
008 - FIXED-LENGTH DATA ELEMENTS--GENERAL INFORMATION
fixed length control field 230917s9999||||xx |||||||||||||| ||und||
020 ## - ISBN
Price RS1572
040 ## - CATALOGING SOURCE
-- 216036
Original cataloging agency VIVEKANANDA LIBRARY
041 ## - Language
-- English
082 ## - DDC NUMBER
Classification number 801.95 A46A
100 ## - MAIN ENTRY--PERSONAL NAME
Personal name Aristotle
245 #0 - TITLE STATEMENT
Title Aristotle`s poetics: A translation and commentary for students of literature
260 ## - PUBLICATION, DISTRIBUTION, ETC. (IMPRINT)
Place of publication, distribution, etc New Jersey
Name of publisher, distributor, etc Prentice- Hall
Date of publication, distribution, etc 1968
300 ## - PHYSICAL DESCRIPTION
Pages x, 311 p.
500 ## - GENERAL NOTE
General note 1539 07/05/2014 KB165 09/08/2014 Main Budget
942 ## - ADDED ENTRY ELEMENTS (KOHA)
Koha item type Books
Holdings
Withdrawn status Lost status Damaged status Not for loan Location (home branch) Sublocation or collection (holding branch) Date acquired Koha issues (times borrowed) Koha full call number Accession No. Koha date last seen Koha item type
        VIVEKANANDA LIBRARY VIVEKANANDA LIBRARY 29/09/2014 1 801.95 A46A 307713 09/10/2025 Books
© Designed and Maintained by Vivekananda Library, MDU Rohtak